| 000 | 00000nam##2200000za#4500 |
| 001 | 9.644648 |
| 003 | CaOODSP |
| 005 | 20250506145324 |
| 007 | ta |
| 008 | 150407|1993||||xxc||||| f|0| 0 eng|d |
| 020 | |a0-662-20220-1 |
| 040 | |aCaOODSP|beng |
| 043 | |an-cn--- |
| 086 | 1 |aA53-1888/1993E |
| 110 | 1 |aCanada.|bAgriculture Canada. |
| 245 | 10|aProduction and feeding of naked oat / |cby V. D. Burrows et al. |
| 260 | |aOttawa - Ontario : |bAgriculture Canada |c1993. |
| 300 | |a21p. : |bfigs., tables ; |c23 cm. |
| 500 | |aPrinted with the financial support of the following: Agrocentre Belcan (1983) Ltd, C&M Seeds, Kemptville College, New Brunswick Department of Agriculture, Newfoundland Chicken Marketing Board, Proven Seed, a division of United Grain Growers Ltd, Saskatchewan Agriculture and Food, The Ontario Egg Producers' Marketing Board, W. G. Thompson & Sons Ltd. |
| 563 | |aSoftcover |
| 590 | |a93-19|b1993-05-14 |
| 690 | 07|aForage crops|2gcpds |
| 690 | 07|aOats|2gcpds |
| 720 | 1 |aBurrows, V. D. |
| 775 | 08|tAvoine nue: production et alimentation animale / |w(CaOODSP)9.678472 |
| 776 | 0#|tProduction and feeding of naked oat / |w(CaOODSP)9.696979 |
| 986 | |aPublication 1888/E |